<?xml version="1.0" encoding="UTF-8"?><?xml-stylesheet type="text/xsl" href="static/style.xsl"?><OAI-PMH xmlns="http://www.openarchives.org/OAI/2.0/" xmlns:xsi="http://www.w3.org/2001/XMLSchema-instance" xsi:schemaLocation="http://www.openarchives.org/OAI/2.0/ http://www.openarchives.org/OAI/2.0/OAI-PMH.xsd"><responseDate>2026-04-17T06:11:23Z</responseDate><request verb="GetRecord" identifier="oai:www.recercat.cat:2072/261897" metadataPrefix="marc">https://recercat.cat/oai/request</request><GetRecord><record><header><identifier>oai:recercat.cat:2072/261897</identifier><datestamp>2025-03-18T15:33:03Z</datestamp><setSpec>com_2072_220028</setSpec><setSpec>com_2072_4427</setSpec><setSpec>col_2072_220407</setSpec></header><metadata><record xmlns="http://www.loc.gov/MARC21/slim" xmlns:dcterms="http://purl.org/dc/terms/" xmlns:xsi="http://www.w3.org/2001/XMLSchema-instance" xmlns:doc="http://www.lyncode.com/xoai" xsi:schemaLocation="http://www.loc.gov/MARC21/slim http://www.loc.gov/standards/marcxml/schema/MARC21slim.xsd">
   <leader>00925njm 22002777a 4500</leader>
   <datafield ind2=" " ind1=" " tag="042">
      <subfield code="a">dc</subfield>
   </datafield>
   <datafield ind2=" " ind1=" " tag="720">
      <subfield code="a">Berni Millet, Piero</subfield>
      <subfield code="e">author</subfield>
   </datafield>
   <datafield ind2=" " ind1=" " tag="720">
      <subfield code="a">Carreras Monfort, César</subfield>
      <subfield code="e">author</subfield>
   </datafield>
   <datafield ind2=" " ind1=" " tag="720">
      <subfield code="a">Olesti i Vila, Oriol</subfield>
      <subfield code="e">author</subfield>
   </datafield>
   <datafield ind2=" " ind1=" " tag="260">
      <subfield code="c">2005</subfield>
   </datafield>
   <datafield ind2=" " ind1=" " tag="520">
      <subfield code="a">En los últimos años, tanto el progreso de la arqueología del paisaje, como especialmente el de los estudios sobre la epigrafía de la producción, han contribuido a incrementar nuestro volumen de información, aunque ello no siempre ha ido acompañado de un progreso en la interpretación de los datos, es decir, en el estudio de las complejas formas de propiedad de la tierra y de la gestión de sus recursos en la Hispania romana. Creemos necesario, por tanto, integrar en este estudio los diversos tipos de fuentes documentales existentes y proponer un modelo de trabajo centrado en el caso de la gens Licinia, cuya importancia en el Nordeste peninsular por el notable mayor volumen de información conservada nos permite plantear algunas reflexiones metodológicas e históricas que creemos significativas.</subfield>
   </datafield>
   <datafield ind2=" " ind1=" " tag="520">
      <subfield code="a">In the last years, either progress in landscape archaeology as well as studies on the epigraphy of production areas, have contribute to increase our volume of información. However, such headway not always has come along with an improvement in the data interpretation, in other words, in the study of the complex forms of landownership and management of resources in Roman Spain. We believed it is necessary to integrate diverse types of existent documentation sources, and we propose in the present case to study a working model focus on the gens Licinia. The importance of this gens in the Northeast of the Peninsula and the outstanding volume of información preserved allow us to put forward a series of methodological and historical reflections we judge significant.</subfield>
   </datafield>
   <datafield ind1="8" ind2=" " tag="024">
      <subfield code="a">Berni, P.; Carreras, C.; Olesti, O. (2005) «La gens Licinia y el nordeste peninsular. Una aproximación al estudio de las formas de propiedad y de gestión de un rico patrimonio familiar», Archivo Español de Arqueología, 78, p. 167-187</subfield>
   </datafield>
   <datafield ind1="8" ind2=" " tag="024">
      <subfield code="a">http://hdl.handle.net/2072/261897</subfield>
   </datafield>
   <datafield ind1="8" ind2=" " tag="024">
      <subfield code="a">https://doi.org/10.3989/aespa.2005.v78.79</subfield>
   </datafield>
   <datafield ind2="0" ind1="0" tag="245">
      <subfield code="a">La gens Licinia y el nordeste peninsular. Una aproximación al estudio de las formas de propiedad y de gestión de un rico patrimonio familiar</subfield>
   </datafield>
</record></metadata></record></GetRecord></OAI-PMH>